Christian Denomination Populations - Statistics

General Stats
  • This quiz has been taken 525 times
  • The average score is 3 of 18
Answer Stats
Hint Answer % Correct
Orthodox 300 million
41%
Lutherans
77 million
35%
Church of Jesus Christ of Latter-Day Saints (Mormons) 16 million
24%
Christian Science 100,000-400,000
21%
United Society of Believers in Christ's Second Coming (Shakers) 2
20%
Salvation Army 1.7 million
18%
Pentecostals 300 million
18%
Methodism 80 million
17%
Jehovah's Witnesses 8.6 million
15%
United (Religious) Society of Friends (quakers) 400,000
14%
Episcopalians 85 million
14%
Presbyterians 75 million
13%
Baptist 100 million
12%
Mennonites 2 million
11%
Seventh-Day Adventists 22 million
10%
United Church of Christ (Congregationalists) 2.4 million
10%
Amish 400,000
10%
Unitarian Universalists 800,000
10%
No matching quizzes found
Score Distribution
Percent of People with Each Score
Percentile by Number Answered
Your Score History
You have not taken this quiz